Управление операциями: учебник для вузов

Dettagli Bibliografici
Autore principale: Казанцев А. К. Анатолий Константинович
Altri autori: Кобзев В. В. Владимир Васильевич (редактор), Макаров В. М. Василий Михайлович, Казанцев А. К.
Riassunto:Учебник подготовлен в соответствии с требованиями ФГОС ВПО подготовки бакалавров по направлению 080200 «Менеджмент» (профиль «Производственный менеджмент»). Современное бизнес-образование предполагает обязательное формирование у менеджеров всех уровней и видов деятельности глубоких профессиональных компетенций в области управления процессами и операциями. В учебнике представлены основные современные концепции и инструменты управления операциями на промышленных предприятиях. В рамках концепции производственного менеджмента изложены стратегические, тактические и оперативные аспекты управления операциями в производстве и сервисной сфере. Наряду с теоретическими положениями учебник содержит практическую информацию, учебные кейсы, решение типовых практических задач управления операциями на различных фазах жизненного цикла продукта и стадиях производственного процесса.Для преподавателей и студентов вузов, участников программ дополнительного образования, руководителей и специалистов предприятий различных отраслей промышленности.
Lingua:russo
Pubblicazione: Москва, Инфра-М, 2014
Serie:Высшее образование. Бакалавриат
Soggetti:
Natura: MixedMaterials Libro
KOHA link:https://koha.lib.tpu.ru/cgi-bin/koha/opac-detail.pl?biblionumber=250592

MARC

LEADER 00000nam0a2200000 4500
001 250592
005 20231101232558.0
010 |a 9785160062730 
035 |a (RuTPU)RU\TPU\book\272806 
090 |a 250592 
100 |a 20140214d2014 m y0rusy50 ca 
101 0 |a rus 
102 |a RU 
105 |a a j 001zy 
200 1 |a Управление операциями  |e учебник для вузов  |f А. К. Казанцев, В. В. Кобзев, В. М. Макаров  |g под ред. А. К. Казанцева 
210 |a Москва  |c Инфра-М  |d 2014 
215 |a 477 с.  |c ил. 
225 1 |a Высшее образование. Бакалавриат 
320 |a Библиогр.: с. 470-471. 
330 |a Учебник подготовлен в соответствии с требованиями ФГОС ВПО подготовки бакалавров по направлению 080200 «Менеджмент» (профиль «Производственный менеджмент»). Современное бизнес-образование предполагает обязательное формирование у менеджеров всех уровней и видов деятельности глубоких профессиональных компетенций в области управления процессами и операциями. В учебнике представлены основные современные концепции и инструменты управления операциями на промышленных предприятиях. В рамках концепции производственного менеджмента изложены стратегические, тактические и оперативные аспекты управления операциями в производстве и сервисной сфере. Наряду с теоретическими положениями учебник содержит практическую информацию, учебные кейсы, решение типовых практических задач управления операциями на различных фазах жизненного цикла продукта и стадиях производственного процесса.Для преподавателей и студентов вузов, участников программ дополнительного образования, руководителей и специалистов предприятий различных отраслей промышленности. 
606 1 |a Производственный менеджмент  |2 stltpush  |3 (RuTPU)RU\TPU\subj\68602  |9 83809 
610 1 |a операции 
610 1 |a операционный менеджмент 
610 1 |a производство 
610 1 |a процессы 
610 1 |a проектирование 
610 1 |a технологии 
610 1 |a жизненный цикл 
610 1 |a инновации 
610 1 |a новые продукты 
610 1 |a производственный процесс 
610 1 |a производственные циклы 
610 1 |a расчеты 
610 1 |a инновационные проекты 
610 1 |a стратегическое управление 
610 1 |a производственные мощности 
610 1 |a размещение 
610 1 |a организационные структуры 
610 1 |a поточное производство 
610 1 |a непоточное производство 
610 1 |a инструментальное обеспечение 
610 1 |a производственная логистика 
610 1 |a учебники 
686 |a У9(2)29-2я73  |v LBC/SL-A  |2 rubbk 
700 1 |a Казанцев  |b А. К.  |g Анатолий Константинович 
701 1 |a Кобзев  |b В. В.  |g Владимир Васильевич 
701 1 |a Макаров  |b В. М.  |g Василий Михайлович 
702 1 |a Казанцев  |b А. К.  |4 340 
801 1 |a RU  |b 63413507  |c 20140214 
801 2 |a RU  |b 63413507  |c 20150626  |g RCR 
900 |a Производственный менеджмент 
942 |c BK 
953 |b 080200  |l 8.1 
959 |a 25/20140213  |d 2  |e 599,90  |f ЧЗГЛ:1  |f АНЛ:1